| 000 -LEADER | |
|---|---|
| fixed length control field | 00437nam a22001697a 4500 |
| 005 - DATE AND TIME OF LATEST TRANSACTION | |
| control field | 20160520121747.0 |
| 008 - FIXED-LENGTH DATA ELEMENTS--GENERAL INFORMATION | |
| fixed length control field | 160520b xxu||||| |||| 00| 0 eng d |
| 020 ## - INTERNATIONAL STANDARD BOOK NUMBER | |
| ISBN | 81-219-2822-2 |
| 041 ## - LANGUAGE CODE | |
| Language code of text/sound track or separate title | eng |
| 082 ## - DEWEY DECIMAL CLASSIFICATION NUMBER | |
| Item number | 3476 |
| 100 ## - MAIN ENTRY--AUTHOR NAME | |
| Personal name | Khurmi R.S. & Khurmi N |
| 245 ## - TITLE STATEMENT | |
| Title | Strength of Materials Mechanics of Solids |
| 260 ## - PUBLICATION, DISTRIBUTION, ETC. (IMPRINT) | |
| Place of publication | New Delhi |
| Name of publisher | Sultan Chand & Sons. |
| 300 ## - PHYSICAL DESCRIPTION | |
| Number of Pages | 924 |
| 650 ## - SUBJECT ADDED ENTRY--TOPICAL TERM | |
| Topical Term | DIPLOMA ENGINEERING |
| 942 ## - ADDED ENTRY ELEMENTS (KOHA) | |
| Koha item type | Books |
| Lost status | Damaged status | Home library | Date acquired | Cost, normal purchase price | Full call number | Accession Number | Koha item type | Current library | Shelving location |
|---|---|---|---|---|---|---|---|---|---|
| JRU Library | 20/05/2016 | 695.00 | 3476 | 3476 | Books | ||||
| Lost and Paid For | JRU Library | 20/05/2016 | 695.00 | 3476 | 3477 | Books | |||
| JRU Library | 20/05/2016 | 695.00 | 3476 | 3478 | Books | SHELF-48-I | |||
| JRU Library | 20/05/2016 | 695.00 | 3476 | 3479 | Books | SHELF-48-I | |||
| JRU Library | 20/05/2016 | 695.00 | 3476 | 3480 | Books | SHELF-48-I |